00602 2200217 4500001002100000005001500021035002000036007000300056008004100059020002200100082001100122084001700133100001600150245006700166260003600233300003900269650002500308700002200333505001200355990001700367INLIS00000000000989220260416014029 a0010-0426000265ta260416 g 0 eng  a978-979-756-350-9 a616.96 a616.96 VIQ a0 aViqar Zaman1 aAtlas of Medical Parasitology :bFourth Edition /cViqar Zaman aYogyakarta :bGraha Ilmu,c2008 axx, 186 hlm :bilus. ;c18x25,5 cm 4aMedical Parasitology0 aNg Mah-Lee, Mary ahlm.186 a202500223272